Orquídeas nativas de Colombia / (Registro nro. 2381)
[ vista simple ]
| 000 -CABECERA | |
|---|---|
| Campo de control | 01254cam a2200289 i 4500 |
| 005 - FECHA Y HORA DE LA ULTIMA TRANSACCION | |
| Campo de control | 20160930020002.0 |
| 008 - ELEMENTOS DE LONGITUD FIJA—INFORMACION GENERAL | |
| Campo de control | 901211s1990 ck a r 00010 spa d |
| 015 ## - NATIONAL BIBLIOGRAPHY NUMBER | |
| National bibliography number | ck-1990-xxxx |
| 020 ## - ISBN | |
| ISBN | 9586380335 (Obra completa) |
| 020 ## - ISBN | |
| ISBN | 9586380297 (Obra Completa) |
| 040 ## - FUENTE DE CATALOGACIÓN | |
| Agencia catalogadora original | la |
| Agencia transcriptora | la |
| Agencia Modificadora | CO-BoIAVH |
| 041 1# - IDIOMA | |
| Código de idioma para texto/pista de sonido o título separado | Español |
| 043 ## - GEOGRAPHIC AREA CODE | |
| Geographic area code | s-ck--- |
| 082 04 - NUMERO DE CLASIFICACION DECIMAL DEWEY | |
| Número de clasificación | 584.4 |
| Número del ítem | O77o |
| 100 1# - ASIENTO PRINCIPAL--NOMBRE PERSONAL | |
| Nombre personal | Ortiz V., Pedro |
| 9 (RLIN) | 12571 |
| 245 10 - MENCION DE TITULO | |
| Título | Orquídeas nativas de Colombia / |
| Mención de responsabilidad | Pedro Ortiz V. y (otros cuatro autores) ; coordinación y supervisión Rodrigo Escobar R. ; fotografía Jorge Mario Múnera ; traducción Fereshtel Ebrahimzadeh, Pedro Ortiz V., Piedad Mármol de Dodson. |
| 260 ## - PUBLICACION, DISTRIBUCION, ETC. (PIE DE IMPRENTA) | |
| Lugar de publicación, distribución, etc. | Medellín : |
| Nombre del editor, distribuidor, etc. | Editorial Colina, |
| Fecha de publicación, distribución, etc. | 1990. |
| 300 ## - DESCRIPCION FISICA | |
| Extensión | Volúmenes : |
| Otros detalles físicos | ilustraciones y fotografías ; |
| Dimensiones | 31 cm. |
| 500 ## - NOTA GENERAL | |
| Nota general | Libro reseñado en : Boletín cultural y bibliográfico. |
| 650 14 - ASIENTO SECUNDARIO DE MATERIA - TERMINO TEMATICO | |
| Término temático o nombre geográfico como elemento de entrada | Orquídeas |
| Subdivisión general | Clasificación |
| Subdivisión geográfica | Colombia. |
| 9 (RLIN) | 59697 |
| 650 24 - ASIENTO SECUNDARIO DE MATERIA - TERMINO TEMATICO | |
| Término temático o nombre geográfico como elemento de entrada | Orquídeas |
| Subdivisión general | Taxonomía |
| Subdivisión geográfica | Colombia. |
| 9 (RLIN) | 59698 |
| 700 1# - ASIENTO SECUNDARIO - NOMBRE PERSONAL | |
| Nombre personal | Escobar R. Rodrigo, |
| Término de relación | fotógrafo |
| 9 (RLIN) | 59561 |
| 700 1# - ASIENTO SECUNDARIO - NOMBRE PERSONAL | |
| Nombre personal | Múnera, Jorge Mario, |
| Fechas asociadas con el nombre | 1953-, |
| Término de relación | ilustrador. |
| 9 (RLIN) | 59699 |
| 700 1# - ASIENTO SECUNDARIO - NOMBRE PERSONAL | |
| Nombre personal | Ebrahimzadelt, Fereshtea, |
| Término de relación | traductora. |
| 9 (RLIN) | 59563 |
| 700 1# - ASIENTO SECUNDARIO - NOMBRE PERSONAL | |
| Nombre personal | Mármol de Dodson, Piedad, |
| Término de relación | traductora. |
| 9 (RLIN) | 59564 |
| 942 ## - ELEMENTOS ADICIONALES (KOHA) | |
| Sistema de clasificación | Dewey Decimal Classification |
| Tipo de ítem | Libro |
| Koha issues (borrowed), all copies | 1 |
| Withdrawn status | Lost status | Sistema de Clasificación | Damaged status | No para préstamo | Colección | Inventariado | Ubicación Permanente | Ubicación actual | Fecha de adquisición | Fuente de Valor | Total Checkouts | Número topográfico | Inventario / Código de Barras | Date last seen | Date checked out | Ejemplar | Price effective from | Forma de adquisición | Tipo de material |
|---|---|---|---|---|---|---|---|---|---|---|---|---|---|---|---|---|---|---|---|
| Dewey Decimal Classification | General | Inventariado 2017 | Bogotá | Bogotá | 11/10/2001 | Amazon | 2 | LB-584.4 O77o | 003077 | 20/06/2018 | 20/06/2018 | V. 4 Ej. 1 | 04/12/2012 | Libro | |||||
| Dewey Decimal Classification | General | Inventariado 2017 | Bogotá | Bogotá | 13/07/2001 | Amazon | 2 | LB-584.4 O77o | 003629 | 20/06/2018 | 20/06/2018 | V.1 Ej.1 | 04/12/2012 | Donación | Libro | ||||
| Dewey Decimal Classification | General | Inventariado 2017 | Bogotá | Bogotá | 11/10/2001 | Amazon | 2 | LB-584.4 O77o | 003630 | 20/06/2018 | 20/06/2018 | V.2 Ej.1 | 04/12/2012 | Donación | Libro | ||||
| Dewey Decimal Classification | General | Inventariado 2017 | Bogotá | Bogotá | 11/10/2001 | Amazon | 2 | LB-584.4 O77o | 003631 | 20/06/2018 | 20/06/2018 | V.3 Ej.1 | 04/12/2012 | Donación | Libro | ||||
| Dewey Decimal Classification | General | Inventariado 2017 | Bogotá | Bogotá | 11/10/2001 | Amazon | 4 | LB-584.4 O77o | 003632 | 10/01/2019 | 10/01/2019 | V. 5 Ej. 1 | 04/12/2012 | Libro | |||||
| Dewey Decimal Classification | General | Inventariado 2017 | Bogotá | Bogotá | 11/10/2001 | Amazon | 3 | LB-584.4 O77o | 003633 | 10/01/2019 | 10/01/2019 | V.6 Ej.1 | 04/12/2012 | Donación | Libro |